Histoire de la peinture flamande (Record no. 159611)

MARC details
000 -LEADER
campo de control de longitud fija 01112nam a2200229 i 4500
001 - NÚMERO DE CONTROL
campo de control 159611
003 - IDENTIFICADOR DE NÚMERO DE CONTROL
campo de control ES-MaACL
005 - FECHA Y HORA DE LA ÚLTIMA TRANSACCIÓN
campo de control 20230906211657.0
008 - DATOS DE LONGITUD FIJA--INFORMACIÓN GENERAL
campo de control de longitud fija 040917m18651876fr |||| | fre d
040 ## - FUENTE DE CATALOGACIÓN
Centro catalogador/agencia de origen CAM
Lengua de catalogación spa
Centro/agencia transcriptor CAM
100 1# - ENTRADA PRINCIPAL--NOMBRE DE PERSONA
Nombre de persona Michiels, Alfred.
9 (RLIN) 129897
245 10 - MENCIÓN DEL TÍTULO
Título Histoire de la peinture flamande
Resto del título : depuis ses débuts jusqu'en 1864 /
Mención de responsabilidad, etc. par Alfred Michiels.
250 ## - MENCION DE EDICION
Mención de edición 2e éd.
260 ## - PUBLICACIÓN, DISTRIBUCIÓN, ETC.
Lugar de publicación, distribución, etc. Paris :
Nombre del editor, distribuidor, etc. Librairie Internationale :
-- A. Lacroix, Verboeckhoven et Cie.,
Fecha de publicación, distribución, etc. 1865-1876 (Imprimerie Jules Le Clere et Cie.
300 ## - DESCRIPCIÓN FÍSICA
Extensión 10 v.(464; 412; 440; 468; 478; 485; 496; 446; 459; 604 p.) ;
Dimensiones 23 cm.
500 ## - NOTA GENERAL
Nota general En port. consta: Cet ouvrage contient l'histoire de la peinture hollandaise jusqu'a la séparation des deux écoles.
596 ## - NOTA AL PIE DE IMPRENTA
NOTA AL PIE DE IMPRENTA El t. I impreso en 1865, los t. II-IV en 1866, los t. V-VI en 1868, los t. VII-VIII en 1869, el t. IX en 1874 y el t. X impreso en 1876.
650 #4 - PUNTO DE ACCESO ADICIONAL DE MATERIA--TÉRMINO DE MATERIA
Término de materia o nombre geográfico como elemento de entrada Pintura flamenca-
Subdivisión de forma Historia.
9 (RLIN) 161986
650 #4 - PUNTO DE ACCESO ADICIONAL DE MATERIA--TÉRMINO DE MATERIA
Término de materia o nombre geográfico como elemento de entrada Pintura holandesa-
Subdivisión de forma Historia.
9 (RLIN) 161985
650 #4 - PUNTO DE ACCESO ADICIONAL DE MATERIA--TÉRMINO DE MATERIA
Término de materia o nombre geográfico como elemento de entrada Pintura barroca-
Subdivisión geográfica Países Bajos.
9 (RLIN) 148602
852 ## - LOCALIZACIÓN
Ubicación ES-MaACL
Número de control de estantería G-10856-65
Nota libre - Enc. hol.
Holdings
Estatus retirado Estado de pérdida Estado de daño No para préstamo Colección Biblioteca de origen Biblioteca actual Ubicación en estantería Fecha de adquisición Total de préstamos Signatura topográfica completa Código de barras Visto por última vez Precio de reemplazo Tipo de ítem Koha
        Libros del s. XIX Biblioteca del Ateneo de Madrid Biblioteca del Ateneo de Madrid Sala Pecera Planta 3 17/01/2008   G-10856-65 1167091 23/02/2023 23/02/2023 Libro impreso antiguo